000 00289nam a2200121 a 4500
008 101208s1984|||| d
100 1 _aTomášek, Zdeněk
245 1 0 _aFotografujeme na černobíly film
260 _bMerkur
_aPraha
_c1984
020 _c9,50
041 _aces
044 _aCZ
999 _c13912
_d13912